00315nam a22001217a 4500003000400000008004100004020001800045100002400063245003700087260004900124300000800173650001200181OSt250611b |||||||| |||| 00| 0 eng d a9789386956903 a SWAMI, Prabhupada  aSrimadbhagabatam Canto 10 Bhag 1 aMumbaib The Bhaktivedanta Book Trust c2021 a747 aGeneral